Základné východiská politiky hospodárskej súťaže v EÚ

Guardado en:
Detalles Bibliográficos
Autor principal: Tokárová, Mária
Formato: Capítulo de libro
Lenguaje:eslovaco
Etiquetas: Agregar Etiqueta
Sin Etiquetas, Sea el primero en etiquetar este registro!

MARC

LEADER 00000naa$a2200000$$$4500
001 0062951
005 20240502071721.8
041 0 |a slo 
044 |a SK 
245 1 0 |a Základné východiská politiky hospodárskej súťaže v EÚ  |c Mária Tokárová 
100 1 |a Tokárová, Mária